Hóa học = Journal of Chemistry

Na minha lista:
Detalhes bibliográficos
Formato: Livro
Idioma:Undetermined
Publicado em: Hà Nội Viện Hàn lâm Khoa học và Công nghệ Việt Nam 2020
Assuntos:
Tags: Adicionar Tag
Sem tags, seja o primeiro a adicionar uma tag!
Thư viện lưu trữ: Trung tâm Học liệu Trường Đại học Cần Thơ
LEADER 00587nam a2200193Ia 4500
001 CTU_235533
008 210402s9999 xx 000 0 und d
020 |c 0 
082 |a 540 
082 |b H401 
245 0 |a Hóa học = 
245 0 |b Journal of Chemistry 
245 0 |c Viện Hàn lâm Khoa học và Công nghệ Việt Nam 
260 |a Hà Nội 
260 |b Viện Hàn lâm Khoa học và Công nghệ Việt Nam 
260 |c 2020 
650 |a Chemistry,Hóa học 
904 |i T.Trang 
980 |a Trung tâm Học liệu Trường Đại học Cần Thơ